| 000 | 00495nam a2200169 a 4500 | ||
|---|---|---|---|
| 005 | 20210223121308.0 | ||
| 008 | 991125s1991 mx 000 0 spa u | ||
| 020 | _a9684910282 | ||
| 035 | _aUPN01000015211 | ||
| 049 | _aC | ||
| 050 | 4 |
_aPC4591 _bD59 |
|
| 245 | 0 | 0 | _aDiccionario de sinónimos y antónimos. |
| 260 |
_aMéxico : _bCulturales Internacionales : _bOcéano, _c1991. |
||
| 300 | _aca. [2000] p. | ||
| 650 | 4 |
_aESPAÑOL - _xSINONIMOS Y ANTONIMOS - _vDICCIONARIOS _913912 |
|
| 905 | _aLibro | ||
| 999 |
_c15211 _d15211 |
||